La cour de Philippe IV et la décadence de l'Espagne (1621-1665) / (Record no. 187712)
[ view plain ]
| 000 -LEADER | |
|---|---|
| campo de control de longitud fija | 00691nam a2200193 i 4500 |
| 001 - NÚMERO DE CONTROL | |
| campo de control | 187712 |
| 003 - IDENTIFICADOR DE NÚMERO DE CONTROL | |
| campo de control | ES-MaACL |
| 005 - FECHA Y HORA DE LA ÚLTIMA TRANSACCIÓN | |
| campo de control | 20250708063344.0 |
| 008 - DATOS DE LONGITUD FIJA--INFORMACIÓN GENERAL | |
| campo de control de longitud fija | 180202s1912 fr |||| | fre d |
| 100 1# - ENTRADA PRINCIPAL--NOMBRE DE PERSONA | |
| Nombre de persona | Hume, Martin, |
| Fechas asociadas al nombre | 1847-1910 |
| 9 (RLIN) | 64726 |
| 245 13 - MENCIÓN DEL TÍTULO | |
| Título | La cour de Philippe IV et la décadence de l'Espagne (1621-1665) / |
| Mención de responsabilidad, etc. | Martin Hume ; ouvrage traduit de l'anglais par J. Condamin et P. Bonnet. |
| 260 ## - PUBLICACIÓN, DISTRIBUCIÓN, ETC. | |
| Lugar de publicación, distribución, etc. | Paris : |
| Nombre del editor, distribuidor, etc. | Perrin, |
| Fecha de publicación, distribución, etc. | 1912. |
| 300 ## - DESCRIPCIÓN FÍSICA | |
| Extensión | X, 512 p., 6 lám. : |
| Otras características físicas | il. ; |
| Dimensiones | 22 cm. |
| 651 #4 - PUNTO DE ACCESO ADICIONAL DE MATERIA--NOMBRE GEOGRÁFICO | |
| Nombre geográfico | España- |
| Subdivisión general | Historia- |
| Subdivisión cronológica | 1621-1665, Felipe IV. |
| 9 (RLIN) | 8235 |
| 700 1# - ENTRADA AGREGADA--NOMBRE PERSONAL | |
| Nombre de persona | Condamin, J. |
| 9 (RLIN) | 164166 |
| 700 1# - ENTRADA AGREGADA--NOMBRE PERSONAL | |
| Nombre de persona | Bonnet, P. |
| 9 (RLIN) | 164167 |
| 852 ## - LOCALIZACIÓN | |
| Ubicación | ES-MaACL |
| Número de control de estantería | C-351 |
| Estatus retirado | Estado de pérdida | Estado de daño | No para préstamo | Biblioteca de origen | Biblioteca actual | Ubicación en estantería | Fecha de adquisición | Fuente de adquisición | Total de préstamos | Signatura topográfica completa | Código de barras | Visto por última vez | Precio de reemplazo | Tipo de ítem Koha |
|---|---|---|---|---|---|---|---|---|---|---|---|---|---|---|
| Biblioteca del Ateneo de Madrid | Biblioteca del Ateneo de Madrid | Sala Palomar | 02/02/2018 | C-351 | 1198302 | 23/02/2023 | 23/02/2023 | Libro impreso |
